| 000 | 00767nam a2200253Ia 4500 | ||
|---|---|---|---|
| 003 | OSt | ||
| 005 | 20220928125821.0 | ||
| 006 | a|||||r|||| 00| 0 | ||
| 007 | ta | ||
| 008 | 220927b |||||||| |||| 00| 0 eng d | ||
| 024 | _a31208 | ||
| 037 | _cTextual | ||
| 040 |
_aSDCL _cSDCL _beng |
||
| 041 |
_2eng _aeng |
||
| 082 | _aL70bS4, P2 | ||
| 100 |
_aGazzaniga Michael S _9451507 |
||
| 245 | 0 |
_aCognitive neuroscience _b The biology of the mind. |
|
| 260 |
_aNew York _b W.W. Norton _c2002 |
||
| 300 |
_axviii,681+Various Pagination _ccm. |
||
| 700 |
_a Lvry Richard B _9471588 |
||
| 700 |
_a Mangum George R _9471589 |
||
| 942 |
_hL70bS4, P2 _cTEXL _2CC |
||
| 999 |
_c784142 _d784142 |
||